| 000 | 00941nmm a2200241 a 4500 | ||
|---|---|---|---|
| 001 | ocm000702545 | ||
| 003 | TR-IsHL | ||
| 005 | 20201028123840.0 | ||
| 008 | 130902s1999 tu tur | ||
| 007 | cr cn | ||
| 035 |
_a702545 _b(N$T) |
||
| 050 | 0 | 4 |
_aKKX54.7 _b.Y57 1999 |
| 090 | 0 | 4 |
_aKKX54.7 _b.Y57 1999 |
| 245 | 1 | 0 |
_aXXV. olağan genel kurul, 8 - 9 Mayıs 1999, Denizli: Türkiye Barolar Birliği 1.5.1997 - 15.4.1999 mali faaliyet raporu ve 1.5.1999 - 1.5.2001 bütçesi _h[electronic resource] |
| 260 |
_aAnkara : _bTürkiye Barolar Birliği, _c1999 |
||
| 300 | _a42 p. | ||
| 650 | 4 | _aHukuk | |
| 650 | 4 | _aLaw | |
| 650 | 0 |
_aTürkiye Barolar Birliği _x Olağanüstü Genel Kurul Toplantısı |
|
| 650 | 0 |
_aUnion of Turkish Bar Associations _x Extraordinary General Assembly Meeting |
|
| 650 | 7 |
_aLAW / General _2bisacsh |
|
| 856 | 4 | 0 | _uhttp://search.ebscohost.com/login.aspx?direct=true&scope=site&db=e011xww&AN=702545 |
| 999 |
_c2632 _d2632 |
||